Разработка и внедрение энерго- и ресурсосберегающих технологий обработки металлов давлением: монография

Podrobná bibliografie
Hlavní autor: Филиппова М. В. Марина Владимировна
Korporativní autor: Сибирский государственный индустриальный университет (СибГИУ)
Další autoři: Перетятько В. Н. Владимир Николаевич, Темлянцев М. В. Михаил Викторович
Shrnutí:Рассмотрены вопросы нагрева и различных процессов обработки металлов давлением. С применением компьютерного моделирования проведены исследования напряженно-деформированного состояния металла в закрытых штампах при полугорячей штамповке круглых в плане поковок, при выдавливании поковок типа «крестовина», при продольной и поперечно-винтовой прокатке. Обосновано применение стана поперечно-винтовой прокатки для получения шаровой заготовки с последующей ее штамповкой в закрытых штампах. Установлено, что при нагреве металла до температуры полугорячей штамповки полностью отсутствует обезуглероживание металла, количество окалины уменьшается на 97 % по сравнению с горячей штамповкой, сокращается неравномерность температур по сечению заготовки. Описаны методики экспериментальной проверки результаов компьютерного моделирования, показавшие хорошую сходимость теоретических и опытных данных. Представлены итоги промышленного внедрения результатов исследований по разработке новых энерго- и ресурсосберегающих технологий в кузнечно-штамповочном и прокатном производствах. Для студентов, магистров, аспирантов и докторантов высших учебных заведений, инженерно-технического персонала промышленных предприятий и научно-исследовательских лабораторий, занимающихся вопросами нагрева и обработки металлов давлением.Р
Jazyk:ruština
Vydáno: Новосибирск, Изд-во СО РАН, 2016
Témata:
Médium: MixedMaterials Kniha
KOHA link:https://koha.lib.tpu.ru/cgi-bin/koha/opac-detail.pl?biblionumber=319659

MARC

LEADER 00000nam0a2200000 4500
001 319659
005 20231102003212.0
010 |a 9785769214622 
035 |a (RuTPU)RU\TPU\book\345168 
090 |a 319659 
100 |a 20160606d2016 k y0rusy50 ca 
101 0 |a rus 
102 |a RU 
105 |a a z 001zy 
200 1 |a Разработка и внедрение энерго- и ресурсосберегающих технологий обработки металлов давлением  |e монография  |f М. В. Филиппова, В. Н. Перетятько, М. В. Темлянцев  |g Сибирский государственный индустриальный университет (СибГИУ) 
210 |a Новосибирск  |c Изд-во СО РАН  |d 2016 
215 |a 266 с.  |c ил. 
320 |a Библиография в конце глав 
330 |a Рассмотрены вопросы нагрева и различных процессов обработки металлов давлением. С применением компьютерного моделирования проведены исследования напряженно-деформированного состояния металла в закрытых штампах при полугорячей штамповке круглых в плане поковок, при выдавливании поковок типа «крестовина», при продольной и поперечно-винтовой прокатке. Обосновано применение стана поперечно-винтовой прокатки для получения шаровой заготовки с последующей ее штамповкой в закрытых штампах. Установлено, что при нагреве металла до температуры полугорячей штамповки полностью отсутствует обезуглероживание металла, количество окалины уменьшается на 97 % по сравнению с горячей штамповкой, сокращается неравномерность температур по сечению заготовки. Описаны методики экспериментальной проверки результаов компьютерного моделирования, показавшие хорошую сходимость теоретических и опытных данных. Представлены итоги промышленного внедрения результатов исследований по разработке новых энерго- и ресурсосберегающих технологий в кузнечно-штамповочном и прокатном производствах. Для студентов, магистров, аспирантов и докторантов высших учебных заведений, инженерно-технического персонала промышленных предприятий и научно-исследовательских лабораторий, занимающихся вопросами нагрева и обработки металлов давлением.Р 
606 1 |a Металлообработка давлением  |x Экономия металлов  |x Экономия энергии  |2 stltpush  |3 (RuTPU)RU\TPU\subj\42510  |9 62175 
610 1 |a объемная штамповка 
610 1 |a сталь 
610 1 |a температурные режимы 
610 1 |a свойства 
610 1 |a металлы 
610 1 |a нагрев 
610 1 |a оптимальная температура 
610 1 |a компьютерное моделирование 
610 1 |a поковки 
610 1 |a тела вращения 
610 1 |a поперечно-винтовая прокатка 
610 1 |a арматурная сталь 
610 1 |a прокат 
610 1 |a подольное разделение 
610 1 |a монографии 
675 |a 621.73.004.18  |v 4 
700 1 |a Филиппова  |b М. В.  |g Марина Владимировна 
701 1 |a Перетятько  |b В. Н.  |g Владимир Николаевич 
701 1 |a Темлянцев  |b М. В.  |g Михаил Викторович 
712 0 2 |a Сибирский государственный индустриальный университет (СибГИУ)  |c (1998- )  |c (Новокузнецк)  |2 stltpush  |3 (RuTPU)RU\TPU\col\74 
801 1 |a RU  |b 63413507  |c 20160606 
801 2 |a RU  |b 63413507  |c 20161028  |g RCR 
942 |c BK 
959 |a 41/20160513  |d 1  |e 0  |f ЧЗТЛ:1